000 nam a22 7a 4500
999 _c52404
_d52404
003 OSt
005 20220622124220.0
008 220622b xxu||||| |||| 00| 0 eng d
040 _cIIMT UNIVERSITY MEERUT
100 _aVOHRA,N.D.
245 _aQUANTITATIVE TECHNIQUES IN MGMT
260 _bMc GRAW HILL
300 _a1091
942 _2ddc
_c09